| 000 | 00362nam a22001337a 4500 | ||
|---|---|---|---|
| 008 | 160506b xxu||||| |||| 00| 0 eng d | ||
| 020 | _a9780323030397 | ||
| 020 | _a0323030394 | ||
| 020 | _a978032303039 | ||
| 041 | _aeng | ||
| 080 | _a61 | ||
| 245 |
_aVirtual clinical excurssions: _cPatricia A. Potter; Patricia A.Potter; Anne Griffin Perry;3 |
||
| 942 |
_2udc _cBK |
||
| 999 |
_c1867 _d1867 |
||